<?xml version="1.0" encoding="UTF-8"?>
<record
    xmlns:xsi="http://www.w3.org/2001/XMLSchema-instance"
    xsi:schemaLocation="http://www.loc.gov/MARC21/slim http://www.loc.gov/standards/marcxml/schema/MARC21slim.xsd"
    xmlns="http://www.loc.gov/MARC21/slim">

  <leader>00858nam a22001577a 4500</leader>
  <controlfield tag="003">OSt</controlfield>
  <controlfield tag="005">20151026143157.0</controlfield>
  <controlfield tag="008">151026b        xxu||||| |||| 00| 0 eng d</controlfield>
  <datafield tag="040" ind1=" " ind2=" ">
    <subfield code="c">RUA</subfield>
  </datafield>
  <datafield tag="082" ind1=" " ind2=" ">
    <subfield code="a">AVM PIC 2013 B110 Or.1</subfield>
  </datafield>
  <datafield tag="100" ind1=" " ind2=" ">
    <subfield code="9">2916</subfield>
    <subfield code="a">PICH, SREYNETH.</subfield>
  </datafield>
  <datafield tag="245" ind1=" " ind2=" ">
    <subfield code="a">Studying on fowl pox disease of hybrid chicken meat and theirs antibodies through haemagglutination-and haemagglutination inhibitor-test at royal university of agriculture, &#x1780;&#x17B6;&#x179A;&#x179F;&#x17B7;&#x1780;&#x17D2;&#x179F;&#x17B6;&#x179B;&#x17BE;&#x1787;&#x17C6;&#x1784;&#x17BA;&#x17A2;&#x17BB;&#x178F;&#x179A;&#x1794;&#x179F;&#x17CB;&#x1798;&#x17B6;&#x1793;&#x17CB;&#x179F;&#x17B6;&#x1785;&#x17CB;&#x1780;&#x17BC;&#x1793;&#x1780;&#x17B6;&#x178F;&#x17CB; &#x1793;&#x17B7;&#x1784;&#x17A2;&#x1784;&#x17CB;&#x1791;&#x17B8;&#x1782;&#x17D0;&#x179A;&#x179A;&#x1794;&#x179F;&#x17CB;&#x178F;&#x17B6;&#x1798;&#x179A;&#x1799;&#x17C8; HAEMAGGLUTINATION-AND HAEMAGGLUTINATION INHIBITOR-TEST&#x1793;&#x17C5;&#x179F;&#x17B6;&#x179B;&#x17BE;&#x179C;&#x17B7;&#x1791;&#x17D2;&#x1799;&#x17B6;&#x179B;&#x17D0;&#x1799;&#x1797;&#x17BC;&#x1798;&#x17B7;&#x1793;&#x17D2;&#x1791;&#x1780;&#x179F;&#x17B7;&#x1780;&#x1798;&#x17D2;&#x1798;</subfield>
  </datafield>
  <datafield tag="260" ind1=" " ind2=" ">
    <subfield code="a">Phnom Penh</subfield>
    <subfield code="b">RUA</subfield>
    <subfield code="c">2013</subfield>
  </datafield>
  <datafield tag="300" ind1=" " ind2=" ">
    <subfield code="a">ix; 32p.</subfield>
    <subfield code="b">ill.</subfield>
    <subfield code="c">29cm.</subfield>
  </datafield>
  <datafield tag="942" ind1=" " ind2=" ">
    <subfield code="2">ddc</subfield>
    <subfield code="c">ATMSP</subfield>
  </datafield>
  <datafield tag="999" ind1=" " ind2=" ">
    <subfield code="c">2734</subfield>
    <subfield code="d">2734</subfield>
  </datafield>
  <datafield tag="952" ind1=" " ind2=" ">
    <subfield code="0">0</subfield>
    <subfield code="1">0</subfield>
    <subfield code="2">ddc</subfield>
    <subfield code="4">0</subfield>
    <subfield code="6">AVM_PIC_2013_000000000000000_B110_OR_1</subfield>
    <subfield code="7">0</subfield>
    <subfield code="9">13069</subfield>
    <subfield code="a">LBB</subfield>
    <subfield code="b">LBB</subfield>
    <subfield code="c">B110</subfield>
    <subfield code="d">2015-10-26</subfield>
    <subfield code="o">AVM PIC 2013 B110 Or.1</subfield>
    <subfield code="p">RUA008888</subfield>
    <subfield code="r">2015-10-26</subfield>
    <subfield code="w">2015-10-26</subfield>
    <subfield code="y">ATMSP</subfield>
  </datafield>
  <datafield tag="952" ind1=" " ind2=" ">
    <subfield code="0">0</subfield>
    <subfield code="1">0</subfield>
    <subfield code="2">ddc</subfield>
    <subfield code="4">0</subfield>
    <subfield code="6">AVM_PIC_2013_000000000000000_B110_OR_2</subfield>
    <subfield code="7">0</subfield>
    <subfield code="9">13070</subfield>
    <subfield code="a">LBB</subfield>
    <subfield code="b">LBB</subfield>
    <subfield code="c">B110</subfield>
    <subfield code="d">2015-10-26</subfield>
    <subfield code="o">AVM PIC 2013 B110 Or.2</subfield>
    <subfield code="p">RUA008664</subfield>
    <subfield code="r">2015-10-26</subfield>
    <subfield code="w">2015-10-26</subfield>
    <subfield code="y">ATMSP</subfield>
  </datafield>
  <datafield tag="952" ind1=" " ind2=" ">
    <subfield code="0">0</subfield>
    <subfield code="1">0</subfield>
    <subfield code="2">ddc</subfield>
    <subfield code="4">0</subfield>
    <subfield code="6">AVM_PIC_2013_000000000000000_B110_OR_3</subfield>
    <subfield code="7">0</subfield>
    <subfield code="9">13071</subfield>
    <subfield code="a">LBB</subfield>
    <subfield code="b">LBB</subfield>
    <subfield code="c">B110</subfield>
    <subfield code="d">2015-10-26</subfield>
    <subfield code="o">AVM PIC 2013 B110 Or.3</subfield>
    <subfield code="p">RUA008934</subfield>
    <subfield code="r">2015-10-26</subfield>
    <subfield code="w">2015-10-26</subfield>
    <subfield code="y">ATMSP</subfield>
  </datafield>
  <datafield tag="952" ind1=" " ind2=" ">
    <subfield code="0">0</subfield>
    <subfield code="1">0</subfield>
    <subfield code="2">ddc</subfield>
    <subfield code="4">0</subfield>
    <subfield code="6">AVM_PIC_2013_000000000000000_B110_OR_4</subfield>
    <subfield code="7">0</subfield>
    <subfield code="9">13072</subfield>
    <subfield code="a">LBB</subfield>
    <subfield code="b">LBB</subfield>
    <subfield code="c">B110</subfield>
    <subfield code="d">2015-10-26</subfield>
    <subfield code="o">AVM PIC 2013 B110 Or.4</subfield>
    <subfield code="p">RUA008790</subfield>
    <subfield code="r">2015-10-26</subfield>
    <subfield code="w">2015-10-26</subfield>
    <subfield code="y">ATMSP</subfield>
  </datafield>
  <datafield tag="952" ind1=" " ind2=" ">
    <subfield code="0">0</subfield>
    <subfield code="1">0</subfield>
    <subfield code="2">ddc</subfield>
    <subfield code="4">0</subfield>
    <subfield code="6">AVM_PIC_2013_000000000000000_B110_OR_5</subfield>
    <subfield code="7">0</subfield>
    <subfield code="9">13073</subfield>
    <subfield code="a">LBB</subfield>
    <subfield code="b">LBB</subfield>
    <subfield code="c">B110</subfield>
    <subfield code="d">2015-10-26</subfield>
    <subfield code="o">AVM PIC 2013 B110 Or.5</subfield>
    <subfield code="p">RUA015574</subfield>
    <subfield code="r">2015-10-26</subfield>
    <subfield code="w">2015-10-26</subfield>
    <subfield code="y">ATMSP</subfield>
  </datafield>
  <datafield tag="952" ind1=" " ind2=" ">
    <subfield code="0">0</subfield>
    <subfield code="1">0</subfield>
    <subfield code="2">ddc</subfield>
    <subfield code="4">0</subfield>
    <subfield code="6">AVM_PIC_2013_000000000000000_B110_OR_6</subfield>
    <subfield code="7">0</subfield>
    <subfield code="9">13074</subfield>
    <subfield code="a">LBB</subfield>
    <subfield code="b">LBB</subfield>
    <subfield code="c">B110</subfield>
    <subfield code="d">2015-10-26</subfield>
    <subfield code="o">AVM PIC 2013 B110 Or.6</subfield>
    <subfield code="p">RUA015579</subfield>
    <subfield code="r">2015-10-26</subfield>
    <subfield code="w">2015-10-26</subfield>
    <subfield code="y">ATMSP</subfield>
  </datafield>
  <datafield tag="952" ind1=" " ind2=" ">
    <subfield code="0">0</subfield>
    <subfield code="1">0</subfield>
    <subfield code="2">ddc</subfield>
    <subfield code="4">0</subfield>
    <subfield code="6">AVM_PIC_2013_000000000000000_B110_OR_7</subfield>
    <subfield code="7">0</subfield>
    <subfield code="9">13075</subfield>
    <subfield code="a">LBB</subfield>
    <subfield code="b">LBB</subfield>
    <subfield code="c">B110</subfield>
    <subfield code="d">2015-10-26</subfield>
    <subfield code="o">AVM PIC 2013 B110 Or.7</subfield>
    <subfield code="p">RUA015810</subfield>
    <subfield code="r">2015-10-26</subfield>
    <subfield code="w">2015-10-26</subfield>
    <subfield code="y">ATMSP</subfield>
  </datafield>
  <datafield tag="952" ind1=" " ind2=" ">
    <subfield code="0">0</subfield>
    <subfield code="1">0</subfield>
    <subfield code="2">ddc</subfield>
    <subfield code="4">0</subfield>
    <subfield code="6">AVM_PIC_2013_000000000000000_B110_OR_8</subfield>
    <subfield code="7">0</subfield>
    <subfield code="9">13076</subfield>
    <subfield code="a">LBB</subfield>
    <subfield code="b">LBB</subfield>
    <subfield code="c">B110</subfield>
    <subfield code="d">2015-10-26</subfield>
    <subfield code="o">AVM PIC 2013 B110 Or.8</subfield>
    <subfield code="p">RUA015738</subfield>
    <subfield code="r">2015-10-26</subfield>
    <subfield code="w">2015-10-26</subfield>
    <subfield code="y">ATMSP</subfield>
  </datafield>
  <datafield tag="952" ind1=" " ind2=" ">
    <subfield code="0">0</subfield>
    <subfield code="1">0</subfield>
    <subfield code="2">ddc</subfield>
    <subfield code="4">0</subfield>
    <subfield code="6">AVM_PIC_2013_000000000000000_B1_238_OR_1</subfield>
    <subfield code="7">0</subfield>
    <subfield code="9">79214</subfield>
    <subfield code="a">LBB</subfield>
    <subfield code="b">LBB</subfield>
    <subfield code="c">B1.238</subfield>
    <subfield code="d">2019-06-29</subfield>
    <subfield code="o">AVM PIC 2013 B1.238 Or.1</subfield>
    <subfield code="p">A35685</subfield>
    <subfield code="r">2019-06-29</subfield>
    <subfield code="w">2019-06-29</subfield>
    <subfield code="y">ATMSP</subfield>
  </datafield>
</record>
